Kuasai tarian tradisional kita

Bibliographic Details
Main Author: Mas Anom Musdar
Format: Book
Series:Folk Literature, Malay

MARC

LEADER 00000cam a2200000 7i4500
001 0000052040
005 20150915.0
008 150915
020 |a 9789670361635 
090 0 0 |a CUS   |b MAL 
100 0 |a Mas Anom Musdar 
245 0 0 |a Kuasai tarian tradisional kita   |c Mas Anom Musdar 
490 0 |a Folk Literature, Malay   |x Folk Dancing, Malay 
999 |a 0001307908   |b Book   |c Children Collection   |e Cawangan Taman Universiti 
999 |a 0001307909   |b Book   |c Children Collection   |e Cawangan Bandar Penawar 
999 |a 0001307910   |b Book   |c Chinese Collection   |e Cawangan Bandar Tenggara 
999 |a 0001307912   |b Book   |c Children Collection   |e Cawangan Sri Merlong 
999 |a 0001307915   |b Book   |c Children Collection   |e Cawangan Tangkak 
999 |a 0001307916   |b Book   |c Children Collection   |e Cawangan Bukit Gambir 
999 |a 0001307917   |b Book   |c Children Collection   |e Cawangan Batu Pahat 
999 |a 0001307918   |b Book   |c Children Collection   |e Cawangan Mersing 
999 |a 0001307919   |b Book   |c Children Collection   |e Cawangan Kota Tinggi